书目信息 |
| 题名: |
中国私营企业发展报告(1999)
|
|
| 作者: | 张厚义 , 明立志 主编 | |
| 分册: | ||
| 出版信息: | 北京 社会科学文献出版社 2000.03 |
|
| 页数: | 379页 | |
| 开本: | 32开 | |
| 丛书名: | ||
| 单 册: | ||
| 中图分类: | F279.245 | |
| 科图分类: | ||
| 主题词: | 私营企业--调查报告--中国--1999 | |
| 电子资源: | ||
| ISBN: | 7-80149-308-7 | |
| 000 | 00666nam0 2200205 45 | |
| 001 | 0211261036 | |
| 005 | 20031219104101.4 | |
| 010 | @a7-80149-308-7@dCNY29.80 | |
| 100 | @a20021126d2000 km y0chiy0120 ea | |
| 101 | 0 | @achi |
| 105 | @a z 000yy | |
| 200 | 1 | @a中国私营企业发展报告(1999)@AZhong Guo Si Ying Qi Ye Fa Zhan Bao Gao(1999)@f张厚义,明立志主编@FZhang Hou Yi,Ming Li Zhi Zhu Bian |
| 210 | @a北京@c社会科学文献出版社@d2000.03 | |
| 215 | @a379页@d32开 | |
| 606 | 0 | @a私营企业@x调查报告@y中国@z1999 |
| 690 | @aF279.245@v4 | |
| 701 | @a张厚义@4主编 | |
| 701 | 0 | @a明立志@4主编 |
| 801 | @aCN@bTSTC@c20021126 | |
| 905 | @b318299-300@dF279.245@e117(1999)@f2 | |
| 中国私营企业发展报告(1999)/张厚义,明立志主编.-北京:社会科学文献出版社,2000.03 |
| 379页;32开 |
| ISBN 7-80149-308-7:CNY29.80 |
| ● |
| 相关链接 |
|
|
|
|
正题名:中国私营企业发展报告(1999)
索取号:F279.245/117(1999)
 
预约/预借
| 序号 | 登录号 | 条形码 | 馆藏地/架位号 | 状态 | 备注 |
| 1 | 0318299 | 203182992 | 第一借阅区/ [索取号:F279.245/117(1999)] | 在馆 | |
| 2 | 0318300 | 203183009 | 第一借阅区/ [索取号:F279.245/117(1999)] | 在馆 |